000
00314nam a2200133Ia 4500
008
230917s9999||||xx |||||||||||||| ||und||
040
_e
90968
_a
MAIN
041
_a
English
082
_a
617 T155V
100
_a
Tandon, Ashok
245
0
_a
Venous involvement in buerger's diseases
300
_a
84 p.
942
_c
TH
999
_c
48902
_d
48902